Central Library OPAC University of Rajshahi

Studies in Muslim philosophy / (Record no. 31067)

MARC details
000 -LEADER
fixed length control field 00913cam a22003011 4500
001 - CONTROL NUMBER
control field 31067
003 - CONTROL NUMBER IDENTIFIER
rucl marc code BD-RjUL
005 - DATE AND TIME OF LATEST TRANSACTION
control field 20211209051645.0
008 - FIXED-LENGTH DATA ELEMENTS--GENERAL INFORMATION
fixed length control field 140413s1962 pk 001 0 eng d
035 ## - SYSTEM CONTROL NUMBER
System control number (BD-RjUL)31154
040 ## - CATALOGING SOURCE
Original cataloging agency DLC
Transcribing agency UU
Modifying agency OCoLC
-- DLC
-- BD-RjUL
Language of cataloging eng
041 ## - LANGUAGE CODE
Language code of text/sound track or separate title eng
082 00 - DEWEY DECIMAL CLASSIFICATION NUMBER
Classification number 297.209561
Author mark and year SHS 1962
100 1# - MAIN ENTRY--PERSONAL NAME
Personal name Sheikh, M. Saeed.
9 (RLIN) 94462
245 10 - TITLE STATEMENT
Title Studies in Muslim philosophy /
Statement of responsibility, etc. Foreword by M. M. Sharif.
250 ## - EDITION STATEMENT
Edition statement [1st ed.]
260 ## - PUBLICATION, DISTRIBUTION, ETC. (IMPRINT)
Place of publication, distribution, etc. Lahore :
Name of publisher, distributor, etc. Pakistan Philosophical Congress,
Date of publication, distribution, etc. 1962.
300 ## - PHYSICAL DESCRIPTION
Pagination 235p. ;
Size 22cm.
490 1# - SERIES STATEMENT
Series statement Publication / Pakistan Philosophical Congress ;
Volume/sequential designation no. 14
504 ## - BIBLIOGRAPHY, ETC. NOTE
Bibliography, etc Include index
650 #0 - SUBJECT ADDED ENTRY--TOPICAL TERM
Topical term or geographic name as entry element Islamic philosophy.
9 (RLIN) 94463
700 1# - ADDED ENTRY--PERSONAL NAME
Personal name Sharif, M. M.
830 #0 - SERIES ADDED ENTRY--UNIFORM TITLE
Volume number/sequential designation no. 14.
830 #0 - SERIES ADDED ENTRY--UNIFORM TITLE
Uniform title Publication (Pakistan Philosophical Congress) ;
942 ## - ADDED ENTRY ELEMENTS (KOHA)
Source of classification or shelving scheme Dewey Decimal Classification
Koha item type Books
Holdings
Lost status Source of classification or shelving scheme Damaged status Not for loan Collection code Permanent Location Current Location Shelving location Date acquired Source of acquisition Cost, normal purchase price Total Checkouts Full call number Date last seen Copy number Koha item type
  Dewey Decimal Classification     Non-fiction Central Library, University of Rajshahi Central Library, University of Rajshahi   01/12/1966 Sh.M.Ashraf, Lahore 7.80   297.209561 SHS 1962 13/04/2014 C-10 Books
  Dewey Decimal Classification     Non-fiction Central Library, University of Rajshahi Central Library, University of Rajshahi   01/12/1966 Sh.M.Ashraf, Lahore 7.80   297.209561 SHS 1962 13/04/2014 C-9 Books
  Dewey Decimal Classification     Non-fiction Central Library, University of Rajshahi Central Library, University of Rajshahi   01/12/1966 Sh.M.Ashraf, Lahore 7.80   297.209561 SHS 1962 13/04/2014 C-4 Books
  Dewey Decimal Classification     Non-fiction Central Library, University of Rajshahi Central Library, University of Rajshahi   06/12/1966 Sh.M.Ashraf, 7.80   297.209561 SHS 1962 13/04/2014 C-5 Books